Las flores y su comercio / (Record no. 22415)

MARC details
000 -LEADER
campo de control de longitud fija 00687nam a2200193 i 4500
001 - NÚMERO DE CONTROL
campo de control 22415
003 - IDENTIFICADOR DE NÚMERO DE CONTROL
campo de control ES-MaACL
005 - FECHA Y HORA DE LA ÚLTIMA TRANSACCIÓN
campo de control 20230906152707.0
007 - CAMPO FIJO DE DESCRIPCIÓN FÍSICA--INFORMACIÓN GENERAL
campo de control de longitud fija t|
008 - DATOS DE LONGITUD FIJA--INFORMACIÓN GENERAL
campo de control de longitud fija 021202s1947 sp ||||1| spa d
100 1# - ENTRADA PRINCIPAL--NOMBRE DE PERSONA
Nombre de persona Aldrufeu Gurghi, Juan.
9 (RLIN) 19656
245 14 - MENCIÓN DEL TÍTULO
Título Las flores y su comercio /
Mención de responsabilidad, etc. por Juan Aldrufeu Gurgui.
260 ## - PUBLICACIÓN, DISTRIBUCIÓN, ETC.
Lugar de publicación, distribución, etc. Barcelona :
Nombre del editor, distribuidor, etc. [s.n.],
Fecha de publicación, distribución, etc. 1947 (
Fabricante Industrias Gráfs. García)
300 ## - DESCRIPCIÓN FÍSICA
Extensión 47 p. :
Otras características físicas il. ;
Dimensiones 22 cm.
490 1# - MENCIÓN DE SERIE
Mención de serie Publicaciones divulgadoras / Cámara Oficial Agrícola de Barcelona ;
Designación de volumen o secuencia 4
830 0# - PUNTO DE ACCESO ADICIONAL DE SERIE-TÍTULO UNIFORME
Título uniforme Publicaciones divulgadoras / Cámara Oficial Agrícola de Barcelona ;
Designación de volumen o secuencia 4
9 (RLIN) 228991
852 ## - LOCALIZACIÓN
Ubicación ES-MaACL
Número de control de estantería 1876-F-3
Sublocalización o colección R.25167
Holdings
Estatus retirado Estado de pérdida Estado de daño No para préstamo Colección Biblioteca de origen Biblioteca actual Ubicación en estantería Fecha de adquisición Fuente de adquisición Total de préstamos Signatura topográfica completa Código de barras Visto por última vez Precio de reemplazo Tipo de ítem Koha
        Colección de folletos Biblioteca del Ateneo de Madrid Biblioteca del Ateneo de Madrid Depósito folletos 17/01/2008     1876-F-3 1023075 23/02/2023 23/02/2023 Folleto